| 000 | 00513nam a22001937a 4500 | ||
|---|---|---|---|
| 003 | MPLRDC | ||
| 005 | 20220104114011.0 | ||
| 008 | 210129b ||||| |||| 00| 0 eng d | ||
| 020 | _a957-13-0097-7 | ||
| 082 | _a830.8 RJCS v.150 c.2 | ||
| 100 | _a李尉昂 | ||
| 245 |
_a长沙白茉莉 _c宋碧云译 |
||
| 250 | _a初版一刷 | ||
| 260 |
_a台湾 _b时报文化出事业有限公 _c1990 |
||
| 300 | _b392 | ||
| 490 | _a人间丛书. 150 | ||
| 650 | _a中国文学总集 | ||
| 942 |
_cBK _o830.8 RJCS v.150 c.2 |
||
| 999 |
_c4031 _d4021 |
||